000 00208 a2200097 4500
001 32839
100 _aNag,P.K
245 _aHeat Transfer
260 _aNew Delhi
_bTata McGraw-Hill
_c
090 _c22008
_d22008
942 _aNUST-CAE
_cM
_c13346
999 _c267912
_d267912